000
00506nam a2200169Ia 4500
008
090711s9999 xx 000 0 und d
082
_b
55423
100
_a
भोगले प्रभाकर
245
_a
माझSां Sाुकलं
260
_c
1987
300
_a
188
600
_a
भोगले प्रभाकर
630
_a
माझSां Sाुकलं
700
_a
भोगले प्रभाकर
730
_a
माझSां Sाुकलं
942
_c
BOOK
999
_c
302864
_d
302864